Pobídka Řekům /

Main Author: Kléméns z Alexandreie, asi 150-asi 215
Other Authors: Havrda, Matyáš, 1972-
Language: Greek, Modern (1453-)
Czech
Published: Praha : Herrmann & synové, 2001
Physical Description: 221 s. ; 24 cm
Book
Saved in:
LEADER 01808nam a2200469 a 4500
001 000571624
003 CZ BrMZK
005 20090806133746.0
007 ta
008 010919s2001 xr f cze d
015 |a cnb001023128 
035 |a (OCoLC)51190824 
040 |a BOA001  |b cze 
041 1 |a cze  |a gre 
045 |a f-g- 
072 7 |a 27-1/-2  |x Křesťanská teologie. Dogmatická teologie  |2 Konspekt  |9 5 
080 |a 27-87.4  |2 MRF 
080 |a 27-9"01/07"-284  |2 MRF 
080 |a 27-75  |2 MRF 
080 |a 27-285.2  |2 MRF 
080 |a (049)  |2 MRF 
080 |a (0.072)  |2 MRF 
100 0 |a Kléméns z Alexandreie,  |d asi 150-asi 215  |7 jn19992000462  |4 aut 
245 1 0 |a Pobídka Řekům /  |c Kléméns Alexandrijský ; úvod, překlad a poznámky Matyáš Havrda 
260 |a Praha :  |b Herrmann & synové,  |c 2001 
300 |a 221 s. ;  |c 24 cm 
500 |a Souběžný text řecky 
504 |a Obsahuje bibliografii a rejstřík 
600 0 7 |a Kléméns z Alexandreie,  |d ca 150-ca 215.  |t Pobídka Řekům  |7 aun2006372353  |2 czenas 
648 4 |a 2.-3. stol. 
650 0 7 |a patristika  |7 ph115696  |y 2.-3. stol.  |2 czenas 
650 0 7 |a patristické texty  |7 ph117251  |y 2.-3. stol.  |2 czenas 
650 0 7 |a katechetika  |7 ph121518  |y 2.-3. stol.  |2 czenas 
650 0 7 |a křesťanská apologetika  |7 ph115055  |y 2.-3. stol.  |2 czenas 
650 0 7 |a gnóze  |7 ph120577  |y 2.-3. stol.  |2 czenas 
655 7 |a pojednání  |7 fd133056  |2 czenas 
655 7 |a komentovaná vydání  |7 fd132577  |2 czenas 
700 1 |a Havrda, Matyáš,  |d 1972-  |7 jn20000620099  |4 wfw  |4 trl 
910 |a BOA001  |b 2-1091.452 
990 |a BK 
996 6 |b 2610144825  |c 2-1091.452  |l MZK  |r Sklad / do 1 hodiny  |n 1  |p p.v.  |w 000571624  |u 000010  |a 1  |e BOA001  |j MZK50  |s P 
996 7 |b 2610144826  |c 2-1091.452  |l MZK  |r Sklad / do 1 hodiny  |n 19  |p kup  |w 000571624  |u 000020  |a 1  |e BOA001  |j MZK50  |s A